Συναισθηματικοί παράγοντες και μάθηση των μαθηματικών

Αποθηκεύτηκε σε:
Λεπτομέρειες βιβλιογραφικής εγγραφής
Κύριος συγγραφέας: Φιλίππου, Γεώργιος Ν.
Άλλοι συγγραφείς: Χρίστου, Κωνσταντίνος
Μορφή: Βιβλίο
Γλώσσα:Greek
Δημοσίευση: [Χ.τ.] : Ατραπός, c2001.
Σειρά:Κείμενα παιδείας (Ατραπός) 1
Θέματα:
Ετικέτες: Προσθήκη ετικέτας
Δεν υπάρχουν, Καταχωρήστε ετικέτα πρώτοι!

MARC

LEADER 00000cam a2200000 i 4500
001 1/39553
008 030827s2001 gr | ||| |||| ||gre||
020 |a 9608077060   |q (σετ) 
020 |a 9608077524  
035 |l 10070645 
040 |a GR-MY-UA  |b gre  |e aacr 
041 0 |a gre 
082 7 |a 510.71   |2 (22) 
100 1 |a Φιλίππου, Γεώργιος Ν. 
245 1 0 |a Συναισθηματικοί παράγοντες και μάθηση των μαθηματικών /   |c Γεώργιος Φιλίππου, Κωνσταντίνος Χρίστου.  
260 |a [Χ.τ.] :   |b Ατραπός,   |c c2001.  
300 |a 229 σ. :   |b εικ. ;   |c 24 εκ. 
490 1 |a (Κείμενα παιδείας / Ατραπός ;   |v 1) 
504 |a Περιέχει βιβλιογραφία και ευρετήριο όρων. 
650 0 0 |a Mathematics  |x Study and teaching  |x Psychological aspects. 
700 1 |a Χρίστου, Κωνσταντίνος. 
830 0 |a Κείμενα παιδείας (Ατραπός)  |v 1 
852 |a INST  |b LESVOS  |e 20060119  |h 510.71 ΦΙΛ  |p 005100033979  |q 005100033979  |t BK  |y 0 
852 |a INST  |b RHODES  |e 20110502  |h 510.71 ΦΙΛ  |p 005400033074  |q 005400033074  |t BK  |y 0 
852 |a INST  |b RHODES  |e 20181119  |h 510.71 ΦΙΛ  |p 005400040325  |q 005400040325  |t BK  |y 0 
852 |a INST  |b SAMOS  |e 20030827  |h 510.71 ΦΙΛ  |p 005300023964  |q 005300023964  |t BK  |y 0 
901 |a BIBL3-2003-2 
901 |a BIBL1-2006-1 
901 |a BIBL4-2011-2 
909 |a Σ  |b 087962 
909 |a Λ  |b 125500 
909 |a Ρ  |b 163541 
970 |a ΧΑΤΖΗΠΑΝΑΓΙΩΤΟΥ  |b ΚΥΡΙΑΚΗ  |z 2003/08/27